00266nam a2200121Ia 4500008004100000100001800041245002500059260000800084260000900092546001200101690001400113999001700127170627s9999 xx 000 0 und d aSAXENA- RAJAN 0aMARKETING MANAGEMENT bTMH c2004 aENGLISH aMARKETING c35304d35304